Martin Behaim (Record no. 125806)

MARC details
000 -LEADER
campo de control de longitud fija 00447nam a2200145 4500
001 - NÚMERO DE CONTROL
campo de control 125806
003 - IDENTIFICADOR DE NÚMERO DE CONTROL
campo de control ES-MaACL
007 - CAMPO FIJO DE DESCRIPCIÓN FÍSICA--INFORMACIÓN GENERAL
campo de control de longitud fija t|
008 - DATOS DE LONGITUD FIJA--INFORMACIÓN GENERAL
campo de control de longitud fija 070214s1908 xxk r ||||1| eng d
100 1# - ENTRADA PRINCIPAL--NOMBRE DE PERSONA
Nombre de persona Ravenstein, Ernest Georg.
9 (RLIN) 95581
245 10 - MENCIÓN DEL TÍTULO
Título Martin Behaim
Resto del título : his life and his globe /
Mención de responsabilidad, etc. Ernest Georg Ravenstein.
260 ## - PUBLICACIÓN, DISTRIBUCIÓN, ETC.
Lugar de publicación, distribución, etc. London :
Nombre del editor, distribuidor, etc. George Philip,
Fecha de publicación, distribución, etc. 1908.
300 ## - DESCRIPCIÓN FÍSICA
Extensión 121 p., con láms. :
Otras características físicas il. ;
Dimensiones 39 cm +
Material acompañante/anejo mapas.
852 ## - LOCALIZACIÓN
Ubicación ES-MaACL
Número de control de estantería B-6478
Holdings
Estatus retirado Estado de pérdida Estado de daño No para préstamo Biblioteca de origen Biblioteca actual Ubicación en estantería Fecha de adquisición Fuente de adquisición Total de préstamos Signatura topográfica completa Código de barras Visto por última vez Precio de reemplazo Tipo de ítem Koha
        Biblioteca del Ateneo de Madrid Biblioteca del Ateneo de Madrid Sala Pardo Bazán 17/01/2008     B-6478 1131050 23/02/2023 23/02/2023 Libro impreso